header

Beyond Sputnik (Record no. 143543)

MARC details
000 -LEADER
fixed length control field 01562nam a2200385 a 4500
082 04 - DEWEY DECIMAL CLASSIFICATION NUMBER
Classification number 338.973/06
100 1# - MAIN ENTRY--AUTHOR NAME
Personal name Neal, Homer A.
245 10 - TITLE STATEMENT
Title Beyond Sputnik
260 ## - PUBLICATION, DISTRIBUTION, ETC. (IMPRINT)
Place of publication Ann Arbor :
Name of publisher University of Michigan Press,
Year of publication c2008.
300 ## - PHYSICAL DESCRIPTION
Number of Pages x, 386 p. :
Other physical details ill.
650 #0 - SUBJECT ADDED ENTRY--TOPICAL TERM
Topical Term Science and state
Topical Term Technology and state
Topical Term Research
700 1# - ADDED ENTRY--PERSONAL NAME
Personal name Smith, Tobin L.,
Personal name McCormick, Jennifer B.,
856 40 - ELECTRONIC LOCATION AND ACCESS
Uniform Resource Identifier http://site.ebrary.com/lib/rucke/Doc?id=10424697

No items available.

© 2026 Rongo University
Contact us: librarian | system librarian | Rongo university